Statistics for Ariana Grande all albums

Click here to take the quiz!

General Stats

  • This quiz has been taken 57 times
  • The average score is 7 of 12

Answer Stats

AnswerHi% Correct
Positions12
94%
Sweetener8
92%
thank u, next9
92%
Yours Truly1
92%
Dangerous Woman6
90%
My Everything3
90%
Christmas and Chill4
71%
Christmas Kisses2
57%
Charlie’s Angels (2019)10
20%
The Best7
18%
K bye for now (swt live)11
16%
The Remix5
10%

Score Distribution

Percentile by Number Answered

Percent of People with Each Score

Your Score History

You have not taken this quiz